[Event "ODJM A 2022"]
[Site "Willingen GER"]
[Date "2022.06.06"]
[Round "3"]
[White "Schimnatkowski, Lukas"]
[Black "Weigand, Anton"]
[Result "1-0"]
[Termination "normal"]
[Board "10"]
[WhiteElo "2206"]
[BlackElo "1872"]
[WhiteClock "00:07:14"]
[BlackClock "00:28:36"]
[PlyCount "57"]
[WhiteFideId "12936723"]
[BlackFideId "16221915"]
[EventCountry "GER"]
[EventRounds "9"]
[EventType "swiss"]
[EventDate "2022.06.04"]

1. e4 {[%clk 1:30:57]} c5 {[%clk 1:30:55]} 2. Nc3 {[%clk 1:31:11]} Nc6 {[%clk
1:31:19]} 3. Bb5 {[%clk 1:31:22]} Nd4 {[%clk 1:25:49]} 4. Bc4 {[%clk 1:31:33]}
g6 {[%clk 1:24:26]} 5. Nf3 {[%clk 1:31:22]} Bg7 {[%clk 1:24:27]} 6. Nxd4 {[%clk
1:31:43]} cxd4 {[%clk 1:21:57]} 7. Qf3 {[%clk 1:32:05]} Nf6 {[%clk 1:17:12]} 8.
e5 {[%clk 1:31:47]} dxc3 {[%clk 1:16:31]} 9. dxc3 {[%clk 1:31:24]} O-O {[%clk
1:13:29]} 10. exf6 {[%clk 1:31:34]} Bxf6 {[%clk 1:13:14]} 11. Bh6 {[%clk
1:23:13]} Bg7 {[%clk 1:08:40]} 12. Bxg7 {[%clk 1:20:55]} Kxg7 {[%clk 1:09:03]}
13. O-O-O {[%clk 1:16:52]} d6 {[%clk 1:07:13]} 14. g4 {[%clk 0:55:50]} Be6
{[%clk 1:02:35]} 15. Bxe6 {[%clk 0:42:00]} fxe6 {[%clk 1:02:50]} 16. Qxb7
{[%clk 0:42:23]} Rxf2 {[%clk 1:01:50]} 17. Rdf1 {[%clk 0:42:20]} Rf8 {[%clk
0:51:03]} 18. h4 {[%clk 0:39:02]} e5 {[%clk 0:45:49]} 19. h5 {[%clk 0:34:45]}
Rb8 {[%clk 0:43:58]} 20. Qxa7 {[%clk 0:18:16]} Ra8 {[%clk 0:43:19]} 21. Qb7
{[%clk 0:17:42]} Rxa2 {[%clk 0:43:27]} 22. Kb1 {[%clk 0:16:24]} Ra4 {[%clk
0:39:11]} 23. hxg6 {[%clk 0:12:01]} hxg6 {[%clk 0:37:16]} 24. b4 {[%clk
0:11:29]} Re8 {[%clk 0:33:11]} 25. Qd5 {[%clk 0:09:51]} e6 {[%clk 0:33:28]} 26.
Qf3 {[%clk 0:07:02]} Ra7 {[%clk 0:27:54]} 27. Qe3 {[%clk 0:06:51]} Qa8 {[%clk
0:28:13]} 28. Qh6+ {[%clk 0:07:14]} Kg8 {[%clk 0:28:36]} 29. Qh8# 1-0

[Event "ODJM A 2022"]
[Site "Willingen GER"]
[Date "2022.06.06"]
[Round "3"]
[White "Terhuven, Patrick"]
[Black "Fuchs, Florian"]
[Result "1-0"]
[Termination "normal"]
[Board "11"]
[WhiteElo "2175"]
[BlackElo "1920"]
[WhiteClock "00:03:00"]
[BlackClock "00:04:37"]
[PlyCount "65"]
[WhiteFideId "12919098"]
[BlackFideId "16213351"]
[EventCountry "GER"]
[EventRounds "9"]
[EventType "swiss"]
[EventDate "2022.06.04"]

1. Nf3 {[%clk 1:30:57]} c5 {[%clk 1:30:55]} 2. c4 {[%clk 1:31:21]} Nc6 {[%clk
1:31:21]} 3. d4 {[%clk 1:31:35]} cxd4 {[%clk 1:31:47]} 4. Nxd4 {[%clk 1:31:59]}
f5 {[%clk 1:32:14]} 5. Nc3 {[%clk 1:30:29]} g6 {[%clk 1:31:37]} 6. e3 {[%clk
1:22:34]} Bg7 {[%clk 1:31:55]} 7. Be2 {[%clk 1:19:37]} b6 {[%clk 1:29:01]} 8.
O-O {[%clk 1:19:11]} Nf6 {[%clk 1:28:34]} 9. Bf3 {[%clk 1:11:35]} Bb7 {[%clk
1:28:46]} 10. b3 {[%clk 1:10:07]} O-O {[%clk 1:28:49]} 11. Bb2 {[%clk 1:09:44]}
a6 {[%clk 1:21:35]} 12. Qd2 {[%clk 1:01:54]} e5 {[%clk 1:08:51]} 13. Nc2 {[%clk
1:01:18]} e4 {[%clk 1:08:48]} 14. Be2 {[%clk 1:01:34]} Ne5 {[%clk 1:03:38]} 15.
Nb4 {[%clk 0:58:57]} Qb8 {[%clk 0:57:09]} 16. Nbd5 {[%clk 0:56:02]} Nfg4 {[%clk
0:50:24]} 17. g3 {[%clk 0:53:40]} g5 {[%clk 0:47:59]} 18. h3 {[%clk 0:47:08]}
Qd6 {[%clk 0:31:36]} 19. hxg4 {[%clk 0:37:10]} Qh6 {[%clk 0:30:13]} 20. f4
{[%clk 0:30:52]} Qh3 {[%clk 0:20:41]} 21. Qe1 {[%clk 0:24:09]} Nf3+ {[%clk
0:17:58]} 22. Bxf3 {[%clk 0:24:16]} exf3 {[%clk 0:18:23]} 23. Rxf3 {[%clk
0:13:37]} gxf4 {[%clk 0:11:00]} 24. Rxf4 {[%clk 0:10:20]} Bxd5 {[%clk 0:09:21]}
25. cxd5 {[%clk 0:10:29]} Be5 {[%clk 0:09:41]} 26. gxf5 {[%clk 0:07:51]} Bxf4
{[%clk 0:08:51]} 27. exf4 {[%clk 0:08:05]} Rae8 {[%clk 0:08:19]} 28. Ne4 {[%clk
0:06:05]} Rc8 {[%clk 0:06:13]} 29. Qf2 {[%clk 0:04:55]} Rxf5 {[%clk 0:05:04]}
30. Qd4 {[%clk 0:03:55]} Qg4 {[%clk 0:03:53]} 31. Qh8+ {[%clk 0:03:26]} Kf7
{[%clk 0:04:18]} 32. Nd6+ {[%clk 0:02:45]} Kg6 {[%clk 0:04:37]} 33. Qg7+ {[%clk
0:03:00]} 1-0

[Event "ODJM A 2022"]
[Site "Willingen GER"]
[Date "2022.06.06"]
[Round "3"]
[White "Kotyk, Michael"]
[Black "Herter, Arne"]
[Result "0-1"]
[Termination "normal"]
[Board "12"]
[WhiteElo "2197"]
[BlackElo "1943"]
[WhiteClock "00:24:38"]
[BlackClock "00:29:41"]
[PlyCount "60"]
[WhiteFideId "16214501"]
[BlackFideId "16255372"]
[EventCountry "GER"]
[EventRounds "9"]
[EventType "swiss"]
[EventDate "2022.06.04"]

1. d4 {[%clk 1:30:57]} Nf6 {[%clk 1:30:55]} 2. c4 {[%clk 1:31:24]} g6 {[%clk
1:31:20]} 3. Nc3 {[%clk 1:31:50]} Bg7 {[%clk 1:31:45]} 4. e4 {[%clk 1:32:17]}
d6 {[%clk 1:32:06]} 5. Be3 {[%clk 1:32:43]} O-O {[%clk 1:32:24]} 6. h3 {[%clk
1:33:10]} e5 {[%clk 1:32:35]} 7. d5 {[%clk 1:33:36]} Na6 {[%clk 1:32:50]} 8. g4
{[%clk 1:34:01]} Nc5 {[%clk 1:33:07]} 9. f3 {[%clk 1:34:26]} a5 {[%clk
1:32:24]} 10. Nge2 {[%clk 1:30:01]} c6 {[%clk 1:31:15]} 11. h4 {[%clk 1:30:12]}
cxd5 {[%clk 1:28:10]} 12. cxd5 {[%clk 1:29:07]} Bd7 {[%clk 1:27:38]} 13. Ng3
{[%clk 1:29:29]} a4 {[%clk 1:27:05]} 14. Qd2 {[%clk 1:29:24]} Qa5 {[%clk
1:26:45]} 15. h5 {[%clk 1:28:21]} Rfc8 {[%clk 1:25:07]} 16. hxg6 {[%clk
1:18:38]} fxg6 {[%clk 1:25:23]} 17. g5 {[%clk 1:02:30]} Ne8 {[%clk 1:24:41]}
18. Qh2 {[%clk 0:59:08]} a3 {[%clk 1:21:08]} 19. Qxh7+ {[%clk 0:59:23]} Kf7
{[%clk 1:21:28]} 20. b4 {[%clk 0:57:32]} Qxb4 {[%clk 1:18:52]} 21. Bd2 {[%clk
0:57:50]} Qd4 {[%clk 0:58:45]} 22. Rh6 {[%clk 0:46:19]} Qg1 {[%clk 0:52:26]}
23. Qxg6+ {[%clk 0:41:39]} Kf8 {[%clk 0:40:31]} 24. Nf5 {[%clk 0:36:50]} Nd3+
{[%clk 0:35:57]} 25. Ke2 {[%clk 0:36:39]} Rxc3 {[%clk 0:32:24]} 26. Be3 {[%clk
0:27:09]} Nf4+ {[%clk 0:29:22]} 27. Bxf4 {[%clk 0:27:32]} exf4 {[%clk 0:29:43]}
28. Qxg7+ {[%clk 0:23:43]} Nxg7 {[%clk 0:29:45]} 29. Rh8+ {[%clk 0:24:11]} Kf7
{[%clk 0:29:54]} 30. Nxd6+ {[%clk 0:24:38]} Ke7 {[%clk 0:29:41]} 0-1

[Event "ODJM A 2022"]
[Site "Willingen GER"]
[Date "2022.06.06"]
[Round "3"]
[White "Gallasch, Robin"]
[Black "Sabirov, Ramil"]
[Result "1/2-1/2"]
[Termination "normal"]
[Board "13"]
[WhiteElo "2063"]
[BlackElo "2124"]
[WhiteClock "00:14:38"]
[BlackClock "00:11:04"]
[PlyCount "96"]
[WhiteFideId "16222423"]
[BlackFideId "12900303"]
[EventCountry "GER"]
[EventRounds "9"]
[EventType "swiss"]
[EventDate "2022.06.04"]

1. Nf3 {[%clk 1:30:43]} c5 {[%clk 1:30:37]} 2. b3 {[%clk 1:30:52]} Nc6 {[%clk
1:29:33]} 3. Bb2 {[%clk 1:31:12]} d5 {[%clk 1:27:55]} 4. e3 {[%clk 1:31:33]}
Nf6 {[%clk 1:26:51]} 5. Bb5 {[%clk 1:31:03]} Bd7 {[%clk 1:19:32]} 6. O-O {[%clk
1:29:03]} e6 {[%clk 1:17:54]} 7. d3 {[%clk 1:28:31]} Be7 {[%clk 1:12:35]} 8.
Nbd2 {[%clk 1:28:41]} a6 {[%clk 1:12:13]} 9. Bxc6 {[%clk 1:29:05]} Bxc6 {[%clk
1:12:40]} 10. Ne5 {[%clk 1:27:13]} Rc8 {[%clk 1:10:47]} 11. Qe2 {[%clk
1:26:22]} O-O {[%clk 1:10:52]} 12. f4 {[%clk 1:26:01]} Nd7 {[%clk 1:02:49]} 13.
Qg4 {[%clk 1:20:05]} Nxe5 {[%clk 0:50:41]} 14. Bxe5 {[%clk 1:17:25]} Bf6 {[%clk
0:48:11]} 15. Rf3 {[%clk 1:13:02]} g6 {[%clk 0:34:19]} 16. Rh3 {[%clk 1:08:24]}
Bg7 {[%clk 0:27:07]} 17. Nf3 {[%clk 0:52:15]} f6 {[%clk 0:19:18]} 18. Qxe6+
{[%clk 0:30:21]} Rf7 {[%clk 0:17:45]} 19. Rxh7 {[%clk 0:19:25]} Kxh7 {[%clk
0:13:23]} 20. Qxf7 {[%clk 0:19:48]} fxe5 {[%clk 0:07:28]} 21. Ng5+ {[%clk
0:20:08]} Kh6 {[%clk 0:07:28]} 22. Qe6 {[%clk 0:19:52]} Qd7 {[%clk 0:07:34]}
23. Nf7+ {[%clk 0:10:16]} Kh5 {[%clk 0:07:28]} 24. g4+ {[%clk 0:10:12]} Kh4
{[%clk 0:07:54]} 25. Qxg6 {[%clk 0:09:49]} Qxg4+ {[%clk 0:08:20]} 26. Qxg4+
{[%clk 0:10:14]} Kxg4 {[%clk 0:08:47]} 27. Kf2 {[%clk 0:10:04]} Rc7 {[%clk
0:04:25]} 28. Rg1+ {[%clk 0:06:29]} Kf5 {[%clk 0:04:48]} 29. Nxe5 {[%clk
0:06:41]} Bxe5 {[%clk 0:04:31]} 30. Rg5+ {[%clk 0:07:06]} Kf6 {[%clk 0:04:58]}
31. Rxe5 {[%clk 0:07:31]} Rh7 {[%clk 0:05:00]} 32. Kg3 {[%clk 0:07:22]} Rg7+
{[%clk 0:05:09]} 33. Kf2 {[%clk 0:07:26]} Rh7 {[%clk 0:04:14]} 34. Kg3 {[%clk
0:07:49]} Rg7+ {[%clk 0:04:38]} 35. Kf2 {[%clk 0:08:14]} Rg4 {[%clk 0:04:02]}
36. h3 {[%clk 0:06:34]} Rg7 {[%clk 0:03:20]} 37. Rh5 {[%clk 0:06:19]} Kg6
{[%clk 0:02:20]} 38. Rg5+ {[%clk 0:04:41]} Kf6 {[%clk 0:02:45]} 39. Rh5 {[%clk
0:05:05]} Rg8 {[%clk 0:02:08]} 40. Kf1 {[%clk 0:04:23]} Rg3 {[%clk 0:01:36]}
41. Kf2 {[%clk 0:04:47]} Rg8 {[%clk 0:01:46]} 42. Rh6+ {[%clk 0:26:12]} Rg6
{[%clk 0:27:31]} 43. Rh7 {[%clk 0:25:19]} Rg7 {[%clk 0:14:02]} 44. Rh6+ {[%clk
0:16:07]} Ke7 {[%clk 0:14:25]} 45. Rh5 {[%clk 0:16:11]} Kf7 {[%clk 0:12:37]}
46. Rf5+ {[%clk 0:15:08]} Ke6 {[%clk 0:11:33]} 47. Rh5 {[%clk 0:15:21]} Kf7
{[%clk 0:10:39]} 48. Rf5+ {[%clk 0:14:38]} Ke6 {[%clk 0:11:04]} 1/2-1/2

[Event "ODJM A 2022"]
[Site "Willingen GER"]
[Date "2022.06.06"]
[Round "3"]
[White "Paeslack, Luis"]
[Black "Garbuz, Vitaly"]
[Result "1/2-1/2"]
[Termination "normal"]
[Board "14"]
[WhiteElo "1889"]
[BlackElo "2134"]
[WhiteClock "00:03:48"]
[BlackClock "00:35:10"]
[PlyCount "54"]
[WhiteFideId "12987760"]
[BlackFideId "12990710"]
[EventCountry "GER"]
[EventRounds "9"]
[EventType "swiss"]
[EventDate "2022.06.04"]

1. d4 {[%clk 1:30:58]} d5 {[%clk 1:30:52]} 2. c4 {[%clk 1:31:24]} c6 {[%clk
1:31:17]} 3. Nc3 {[%clk 1:31:47]} e6 {[%clk 1:31:40]} 4. e4 {[%clk 1:32:11]}
dxe4 {[%clk 1:32:02]} 5. Nxe4 {[%clk 1:32:36]} Nf6 {[%clk 1:30:19]} 6. Nxf6+
{[%clk 1:27:32]} Qxf6 {[%clk 1:30:41]} 7. Nf3 {[%clk 1:27:11]} h6 {[%clk
1:30:50]} 8. Bd3 {[%clk 1:14:33]} Bd6 {[%clk 1:31:00]} 9. O-O {[%clk 1:08:49]}
Nd7 {[%clk 1:29:38]} 10. Bd2 {[%clk 0:58:14]} b6 {[%clk 1:23:32]} 11. Bc3
{[%clk 0:51:40]} Bb7 {[%clk 1:23:19]} 12. Qc2 {[%clk 0:40:30]} O-O-O {[%clk
1:20:48]} 13. c5 {[%clk 0:29:34]} Bb8 {[%clk 1:18:09]} 14. b4 {[%clk 0:20:35]}
Qf4 {[%clk 1:14:03]} 15. b5 {[%clk 0:14:37]} cxb5 {[%clk 1:09:31]} 16. cxb6
{[%clk 0:10:49]} Nxb6 {[%clk 1:08:43]} 17. Ne5 {[%clk 0:07:09]} Nc4 {[%clk
1:07:55]} 18. Bxc4 {[%clk 0:04:55]} bxc4 {[%clk 1:07:31]} 19. Bd2 {[%clk
0:04:15]} Qxd4 {[%clk 1:02:19]} 20. Nxf7 {[%clk 0:04:36]} Qd5 {[%clk 0:59:27]}
21. f3 {[%clk 0:04:20]} Qh5 {[%clk 0:40:01]} 22. Qxc4+ {[%clk 0:04:32]} Bc7
{[%clk 0:40:26]} 23. Nxd8 {[%clk 0:03:46]} Qxh2+ {[%clk 0:38:29]} 24. Kf2
{[%clk 0:04:13]} Rxd8 {[%clk 0:37:07]} 25. Ba5 {[%clk 0:03:09]} Qg3+ {[%clk
0:34:46]} 26. Kg1 {[%clk 0:03:22]} Qh2+ {[%clk 0:34:43]} 27. Kf2 {[%clk
0:03:48]} Qg3+ {[%clk 0:35:10]} 1/2-1/2

[Event "ODJM A 2022"]
[Site "Willingen GER"]
[Date "2022.06.06"]
[Round "3"]
[White "Savchenko, Daniel"]
[Black "Brockmeyer, Tobias"]
[Result "0-1"]
[Termination "normal"]
[Board "15"]
[WhiteElo "2134"]
[BlackElo "1936"]
[WhiteClock "00:01:22"]
[BlackClock "00:29:05"]
[PlyCount "82"]
[WhiteFideId "12919195"]
[BlackFideId "12982385"]
[EventCountry "GER"]
[EventRounds "9"]
[EventType "swiss"]
[EventDate "2022.06.04"]

1. e4 {[%clk 1:30:56]} e6 {[%clk 1:30:59]} 2. d4 {[%clk 1:31:15]} d5 {[%clk
1:31:28]} 3. Nd2 {[%clk 1:31:35]} c5 {[%clk 1:31:57]} 4. exd5 {[%clk 1:31:43]}
Qxd5 {[%clk 1:32:25]} 5. Ngf3 {[%clk 1:31:38]} cxd4 {[%clk 1:32:52]} 6. Bc4
{[%clk 1:31:36]} Qd7 {[%clk 1:33:20]} 7. O-O {[%clk 1:30:46]} Nf6 {[%clk
1:33:46]} 8. Nb3 {[%clk 1:30:11]} Nc6 {[%clk 1:34:09]} 9. Nbxd4 {[%clk
1:28:07]} Nxd4 {[%clk 1:34:37]} 10. Nxd4 {[%clk 1:27:32]} a6 {[%clk 1:35:05]}
11. a4 {[%clk 1:26:54]} Bc5 {[%clk 1:29:46]} 12. Be3 {[%clk 1:18:13]} O-O
{[%clk 1:23:43]} 13. c3 {[%clk 1:16:33]} b6 {[%clk 1:09:55]} 14. Qe2 {[%clk
1:10:34]} Bb7 {[%clk 1:04:26]} 15. Rfd1 {[%clk 0:59:46]} Qc7 {[%clk 1:02:20]}
16. h3 {[%clk 0:50:13]} Nd5 {[%clk 0:48:40]} 17. Bxd5 {[%clk 0:42:40]} Bxd5
{[%clk 0:47:20]} 18. c4 {[%clk 0:37:57]} Bb7 {[%clk 0:44:58]} 19. Rab1 {[%clk
0:24:47]} Rac8 {[%clk 0:15:57]} 20. b4 {[%clk 0:22:07]} Be7 {[%clk 0:11:46]}
21. Rdc1 {[%clk 0:21:03]} Rfd8 {[%clk 0:05:40]} 22. c5 {[%clk 0:17:19]} bxc5
{[%clk 0:04:23]} 23. bxc5 {[%clk 0:17:35]} Be4 {[%clk 0:01:11]} 24. Rb2 {[%clk
0:12:25]} Qe5 {[%clk 0:01:10]} 25. Qxa6 {[%clk 0:07:49]} Rxc5 {[%clk 0:01:02]}
26. Rxc5 {[%clk 0:05:48]} Bxc5 {[%clk 0:01:17]} 27. Rd2 {[%clk 0:02:50]} h6
{[%clk 0:00:34]} 28. Qa5 {[%clk 0:01:55]} Rc8 {[%clk 0:00:33]} 29. Nb3 {[%clk
0:01:32]} Bd6 {[%clk 0:00:47]} 30. Qa6 {[%clk 0:01:19]} Qh2+ {[%clk 0:00:37]}
31. Kf1 {[%clk 0:01:42]} Qxg2+ {[%clk 0:00:50]} 32. Ke1 {[%clk 0:01:27]} Qh1+
{[%clk 0:01:20]} 33. Ke2 {[%clk 0:01:27]} Qf3+ {[%clk 0:01:49]} 34. Ke1 {[%clk
0:01:44]} Qh1+ {[%clk 0:00:59]} 35. Qf1 {[%clk 0:02:05]} Bb4 {[%clk 0:00:52]}
36. Qxh1 {[%clk 0:02:23]} Bxh1 {[%clk 0:01:21]} 37. Ke2 {[%clk 0:02:30]} Bxd2
{[%clk 0:01:35]} 38. Bxd2 {[%clk 0:02:01]} Bd5 {[%clk 0:00:57]} 39. Nc1 {[%clk
0:01:49]} Bc4+ {[%clk 0:01:15]} 40. Ke3 {[%clk 0:01:44]} Kf8 {[%clk 0:01:10]}
41. a5 {[%clk 0:01:22]} Ke8 {[%clk 0:29:05]} 0-1

[Event "ODJM A 2022"]
[Site "Willingen GER"]
[Date "2022.06.06"]
[Round "3"]
[White "Kracht, Raphael"]
[Black "Garbuz, Nicole"]
[Result "1-0"]
[Termination "normal"]
[Board "16"]
[WhiteElo "2086"]
[BlackElo "1824"]
[WhiteClock "00:42:08"]
[BlackClock "00:06:01"]
[PlyCount "93"]
[WhiteFideId "16214382"]
[BlackFideId "12990701"]
[EventCountry "GER"]
[EventRounds "9"]
[EventType "swiss"]
[EventDate "2022.06.04"]

1. e4 {[%clk 1:30:05]} e5 {[%clk 1:30:53]} 2. Nf3 {[%clk 1:30:29]} Nc6 {[%clk
1:31:19]} 3. Bb5 {[%clk 1:30:53]} a6 {[%clk 1:31:24]} 4. Bxc6 {[%clk 1:31:17]}
dxc6 {[%clk 1:31:50]} 5. O-O {[%clk 1:31:40]} f6 {[%clk 1:31:21]} 6. d4 {[%clk
1:32:04]} exd4 {[%clk 1:31:05]} 7. Nxd4 {[%clk 1:29:26]} c5 {[%clk 1:30:14]} 8.
Nb3 {[%clk 1:29:47]} Qxd1 {[%clk 1:29:23]} 9. Rxd1 {[%clk 1:30:12]} Bg4 {[%clk
1:25:31]} 10. f3 {[%clk 1:30:33]} Bd7 {[%clk 1:24:30]} 11. Bf4 {[%clk 1:28:42]}
O-O-O {[%clk 1:20:46]} 12. Nc3 {[%clk 1:28:24]} Be6 {[%clk 1:14:55]} 13. Rxd8+
{[%clk 1:28:39]} Kxd8 {[%clk 1:15:19]} 14. Rd1+ {[%clk 1:28:40]} Kc8 {[%clk
1:15:36]} 15. Nd5 {[%clk 1:28:59]} Bxd5 {[%clk 1:12:39]} 16. Rxd5 {[%clk
1:29:21]} b6 {[%clk 1:10:06]} 17. Rd1 {[%clk 1:28:43]} Ne7 {[%clk 1:09:02]} 18.
Kf2 {[%clk 1:27:14]} Nc6 {[%clk 1:01:33]} 19. c3 {[%clk 0:54:23]} Be7 {[%clk
0:54:38]} 20. Nd2 {[%clk 0:53:19]} Rd8 {[%clk 0:51:39]} 21. Ke2 {[%clk
0:53:27]} Bd6 {[%clk 0:39:39]} 22. Bxd6 {[%clk 0:53:01]} Rxd6 {[%clk 0:33:12]}
23. Nc4 {[%clk 0:51:04]} Re6 {[%clk 0:16:35]} 24. Ne3 {[%clk 0:51:14]} Ne7
{[%clk 0:15:03]} 25. Kf2 {[%clk 0:51:07]} Rd6 {[%clk 0:10:27]} 26. f4 {[%clk
0:50:37]} Kd7 {[%clk 0:09:07]} 27. Kf3 {[%clk 0:50:59]} b5 {[%clk 0:07:01]} 28.
h4 {[%clk 0:48:50]} b4 {[%clk 0:05:04]} 29. Rxd6+ {[%clk 0:46:30]} cxd6 {[%clk
0:03:58]} 30. cxb4 {[%clk 0:42:05]} cxb4 {[%clk 0:04:24]} 31. g4 {[%clk
0:29:40]} Nc6 {[%clk 0:04:24]} 32. Nd5 {[%clk 0:29:14]} a5 {[%clk 0:03:35]} 33.
Ke3 {[%clk 0:29:21]} Ke6 {[%clk 0:02:11]} 34. Nc7+ {[%clk 0:25:30]} Kd7 {[%clk
0:02:18]} 35. Nb5 {[%clk 0:25:51]} g6 {[%clk 0:02:05]} 36. Nd4 {[%clk 0:25:59]}
Ne7 {[%clk 0:01:43]} 37. g5 {[%clk 0:23:53]} fxg5 {[%clk 0:01:21]} 38. hxg5
{[%clk 0:24:17]} d5 {[%clk 0:01:12]} 39. f5 {[%clk 0:24:27]} gxf5 {[%clk
0:00:48]} 40. exf5 {[%clk 0:24:50]} Kd6 {[%clk 0:00:39]} 41. Kf4 {[%clk
0:24:05]} a4 {[%clk 0:22:39]} 42. Ne6 {[%clk 0:50:13]} Ng8 {[%clk 0:13:06]} 43.
Nd4 {[%clk 0:46:24]} Ne7 {[%clk 0:12:22]} 44. Nf3 {[%clk 0:41:43]} Kc5 {[%clk
0:06:27]} 45. g6 {[%clk 0:41:45]} Nxg6+ {[%clk 0:05:34]} 46. fxg6 {[%clk
0:42:08]} hxg6 {[%clk 0:06:01]} 47. Ke4 1-0

[Event "ODJM A 2022"]
[Site "Willingen GER"]
[Date "2022.06.06"]
[Round "3"]
[White "Metzinger, Hannes"]
[Black "Bartelt, Max Peter"]
[Result "1-0"]
[Termination "normal"]
[Board "17"]
[WhiteElo "1845"]
[BlackElo "1959"]
[WhiteClock "00:09:25"]
[BlackClock "00:10:04"]
[PlyCount "99"]
[WhiteFideId "16239350"]
[BlackFideId "12967289"]
[EventCountry "GER"]
[EventRounds "9"]
[EventType "swiss"]
[EventDate "2022.06.04"]

1. e4 {[%clk 1:30:58]} e6 {[%clk 1:30:53]} 2. d4 {[%clk 1:31:25]} d5 {[%clk
1:31:19]} 3. exd5 {[%clk 1:31:51]} exd5 {[%clk 1:31:47]} 4. c4 {[%clk 1:32:14]}
Nf6 {[%clk 1:31:48]} 5. Nc3 {[%clk 1:30:07]} Be7 {[%clk 1:27:55]} 6. Bd3 {[%clk
1:30:29]} Be6 {[%clk 1:27:37]} 7. c5 {[%clk 1:28:57]} b6 {[%clk 1:27:50]} 8. b4
{[%clk 1:20:05]} O-O {[%clk 1:25:30]} 9. a3 {[%clk 1:15:44]} a5 {[%clk
1:25:47]} 10. Rb1 {[%clk 1:15:51]} axb4 {[%clk 1:25:05]} 11. axb4 {[%clk
1:16:15]} Nc6 {[%clk 1:25:16]} 12. Nge2 {[%clk 1:15:42]} Bg4 {[%clk 1:21:43]}
13. f3 {[%clk 1:11:54]} Bh5 {[%clk 1:21:43]} 14. O-O {[%clk 1:11:01]} Bg6
{[%clk 1:16:43]} 15. Bf4 {[%clk 1:03:10]} Nh5 {[%clk 1:13:42]} 16. Be3 {[%clk
1:01:16]} Re8 {[%clk 1:12:11]} 17. Bxg6 {[%clk 0:58:46]} hxg6 {[%clk 1:12:34]}
18. Qd2 {[%clk 0:59:11]} Qd7 {[%clk 1:12:04]} 19. Rfc1 {[%clk 0:55:38]} bxc5
{[%clk 1:12:24]} 20. dxc5 {[%clk 0:54:15]} Rad8 {[%clk 1:00:57]} 21. Rd1 {[%clk
0:45:53]} Qe6 {[%clk 0:51:30]} 22. Nd4 {[%clk 0:41:15]} Nxd4 {[%clk 0:51:23]}
23. Bxd4 {[%clk 0:41:41]} Bf6 {[%clk 0:46:34]} 24. b5 {[%clk 0:41:11]} Qf5
{[%clk 0:42:32]} 25. b6 {[%clk 0:26:11]} cxb6 {[%clk 0:42:56]} 26. cxb6 {[%clk
0:26:37]} Nf4 {[%clk 0:41:01]} 27. Bxf6 {[%clk 0:24:27]} Qxf6 {[%clk 0:41:17]}
28. b7 {[%clk 0:20:32]} Qxc3 {[%clk 0:39:51]} 29. Qxf4 {[%clk 0:20:55]} Rb8
{[%clk 0:40:18]} 30. h4 {[%clk 0:19:31]} Qa5 {[%clk 0:38:35]} 31. Kh2 {[%clk
0:18:33]} Qa7 {[%clk 0:38:01]} 32. Qc7 {[%clk 0:16:33]} Qf2 {[%clk 0:37:17]}
33. Kh3 {[%clk 0:16:24]} Qa2 {[%clk 0:27:52]} 34. Ra1 {[%clk 0:13:35]} Qb3
{[%clk 0:27:45]} 35. Rab1 {[%clk 0:13:51]} Qa2 {[%clk 0:27:26]} 36. Rb5 {[%clk
0:11:21]} Qc4 {[%clk 0:20:15]} 37. Qxc4 {[%clk 0:08:00]} dxc4 {[%clk 0:20:41]}
38. Rd7 {[%clk 0:08:24]} Rf8 {[%clk 0:07:57]} 39. Rc5 {[%clk 0:08:34]} g5
{[%clk 0:08:23]} 40. hxg5 {[%clk 0:08:44]} Kh7 {[%clk 0:08:50]} 41. Rxc4 {[%clk
0:08:26]} Kg6 {[%clk 0:09:13]} 42. Kg4 {[%clk 0:07:54]} Rh8 {[%clk 0:08:30]}
43. f4 {[%clk 0:07:56]} Rh2 {[%clk 0:07:47]} 44. f5+ {[%clk 0:08:10]} Kh7
{[%clk 0:08:13]} 45. Kg3 {[%clk 0:08:32]} Rh5 {[%clk 0:08:24]} 46. Rc8 {[%clk
0:08:21]} Rxg5+ {[%clk 0:08:49]} 47. Kf4 {[%clk 0:08:47]} Rxb7 {[%clk 0:09:15]}
48. Rxb7 {[%clk 0:09:11]} Rxg2 {[%clk 0:09:43]} 49. Rxf7 {[%clk 0:09:13]} Rg5
{[%clk 0:10:04]} 50. Rh8+ {[%clk 0:09:25]} 1-0